| 000 | 00449nam a2200193Ia 4500 | ||
|---|---|---|---|
| 005 | 20251020182531.0 | ||
| 008 | 200515s9999 xx 000 0 und d | ||
| 082 | _a7.02/E24 | ||
| 245 | 0 | _aLa gran travesía : el trabajo y la creación artística | |
| 260 | _aMadrid | ||
| 260 | _c1971 | ||
| 300 | _aEdiciones Altea | ||
| 500 | _a1 ejemplar | ||
| 650 | _aHISTORIA | ||
| 650 | _aLIB | ||
| 650 | _aOFICIOS | ||
| 650 | _aTRABAJO | ||
| 942 | _cLIB | ||
| 999 |
_c2073 _d2073 |
||